ロード中...

Al-jazeera : the story of the network that is rattling governments and redefining modern journalism

書誌詳細
第一著者: El- Nawawy, Mohammed
その他の著者: Iskandar, Adel
フォーマット: Printed Book
言語:English
出版事項: New Delhi Viva books 2007
主題:
LEADER 00748nam a22001937a 4500
008 130723b xxu||||| |||| 00| 0 eng d
020 |a 9788130901343 
082 |a 302.2345 ELN 
100 |a El- Nawawy, Mohammed 
245 |a Al-jazeera :  |b the story of the network that is rattling governments and redefining modern journalism  |c Mohammed, El- Nawawy and Adel Iskandar 
260 |a New Delhi  |b Viva books  |c 2007 
300 |a 240p. 
650 |a Channel network 
650 |a Media 
650 |a Television channel 
700 |a Iskandar, Adel 
942 |2 ddc  |c BK 
999 |c 1675  |d 1675 
952 |0 0  |1 0  |2 ddc  |4 0  |6 302_234500000000000_ELN  |7 0  |9 1851  |a MAIN  |b MAIN  |d 2013-07-23  |e Poorna Publications  |g 295.00  |l 1  |o 302.2345 ELN  |p 1869  |r 2019-08-19  |s 2019-08-07  |w 2013-07-23  |y BK